Cricket: Fastest to 1000 ODI Runs - Statistics

General Stats
  • This quiz has been taken 26 times
  • The average score is 11 of 26
Answer Stats
Country Year Innings Answer % Correct
IND 2010 24 Virat Kohli
92%
PAK 2017 21 Babar Azam
88%
WI 1980 21 Sir Viv Richards
80%
PAK 2018 18 Fakhar Zaman
76%
SA 2010 24 Hashim Amla
76%
PAK 2019 19 Imam-ul-Haq
76%
ENG 2006 21 Kevin Pietersen
68%
SA 2014 21 Quinton de Kock
56%
ENG 2011 21 Jonathan Trott
48%
IND 2013 24 Shikhar Dhawan
48%
WI 1980 23 Sir Gordon Greenidge
48%
PAK 2015 23 Azhar Ali
44%
ENG 1995 25 Michael Atherton
32%
NED 2009 23 Ryan ten Doeschate
32%
IND 1989 25 Navjot Singh Sidhu
28%
ENG 1984 26 Allan Lamb
24%
NZ 1983 24 Glenn Turner
24%
AUS 1980 26 Greg Chappell
24%
PAK 1982 26 Zaheer Abbas
24%
NZ 1989 25 Andrew Jones
20%
PAK 2004 24 Yasir Hameed
20%
PAK 2019 26 Haris Sohail
16%
PAK 2013 25 Nasir Jamshed
12%
ENG 1987 26 Chris Broad
8%
AUS 2013 26 George Bailey
8%
ENG 1998 26 Nick Knight
8%
No matching quizzes found
Score Distribution
Percent of People with Each Score
Percentile by Number Answered
Your Score History
You have not taken this quiz